000 00862cam a22002773a 4500
005 20260322212053.0
008 data
010 _a 2004596891
020 _a0778320618
020 _a9780778320616
040 _aJST
_cJST
_dDLC
042 _alccopycat
050 0 0 _aCPB Box no. 2221 vol. 2
099 _aMONROM
100 1 _aMonroe, Mary Alice.
245 1 0 _aGirl in the mirror /
_cMary Alice Monroe.
260 _aDon Mills, Ont. :
_bMIRA,
_c[2004], c1998.
300 _a440 p. ;
_c18 cm.
650 0 _aIdentity (Psychology)
_vFiction.
650 0 _aCelebrities
_vFiction.
650 0 _aBeauty, Personal
_vFiction.
655 7 _aLove stories.
_2gsafd
710 2 _aCopyright Paperback Collection (Library of Congress)
_5DLC
856 4 2 _3Contributor biographical information
_uhttp://www.loc.gov/catdir/enhancements/fy0903/2004596891-b.html
001 data
999 _c1252
_d1252